Právo meča

Pokračovanie úspešného románu "Horiace pobrežie". Lothar de la Rey, bývalý milenec Centaine de Thiry, hrdinky predchádzajúcej časti, spolu s ich spoločným synom Manfredom prídu takmer o všetok majetok...

Bibliographic Details
Main Author: Smith, Wilbur A., 1933-2021 (Author)
Other Authors: Drotárová, Beáta, 1951- (Narrator)
Format: CD Audio
Language:Slovak
English
PhysicalDescription:2 elektronické optické disky (CD-ROM) digitálny, MP3 12 cm
Published: Levoča Slovenská knižnica pre nevidiacich Mateja Hrebendu 2020
ISBN:9788018092347
Subjects:

MARC

LEADER 00000nim a2200000 a 4500
001 vtls011991984
003 SK-MaSNL
005 20260301210421.0
007 sd fungnnmmned
008 200914s2020 xo nnnnfs f n slo
015 |a SNBJ2023 
020 |a 9788018092347  |q (CD-ROM) 
040 |a SNK  |b slo  |c SNK  |e AACR2 
041 1 |a slo  |h eng 
044 |a xo  |c SK 
072 7 |a 821.111-3  |x Anglická próza, anglicky písaná  |2 konspekt 
080 |a (086.7)  |2 2011 
080 |a 821.111-31  |2 2011 
100 1 |a Smith, Wilbur A.,  |d 1933-2021  |4 aut  |9 224186 
245 1 0 |a Právo meča  |h elektronický zdroj  |c Wilbur Smith ; číta: Beáta Drotárová 
260 |a Levoča  |b Slovenská knižnica pre nevidiacich Mateja Hrebendu  |c 2020 
300 |a 2 elektronické optické disky (CD-ROM)  |b digitálny, MP3  |c 12 cm 
306 |a 310000 
520 8 |a Pokračovanie úspešného románu "Horiace pobrežie". Lothar de la Rey, bývalý milenec Centaine de Thiry, hrdinky predchádzajúcej časti, spolu s ich spoločným synom Manfredom prídu takmer o všetok majetok... 
521 |a Pre nevidiacich, slabozrakých a inak zdravotne postihnutých 
655 7 |a zvukové záznamy  |2 SNKPH  |9 70720 
655 7 |a spoločenské romány  |2 SNKPH  |9 70538 
655 7 |a anglické romány  |2 SNKPH  |9 70428 
655 7 |a CD-ROM  |2 SNKPH  |9 70236 
700 1 |a Drotárová, Beáta,  |d 1951-  |4 nrt  |9 353713 
752 |a Slovensko  |d Levoča 
919 |a 978-80-18-09234-7 
958 |a SX 
958 |a LX 
999 |c 913548  |d 915478 
952 |a SNK  |b SNK  |y PREZ  |7 0  |p 17A1490368  |o snkSCD 5956/1-2  |i snk2022/7374  |8 0  |z 1. CD  |0 0  |1 0  |4 0  |d 2022-05-11  |l 0  |r 2026-02-24 07:50:55  |w 2026-02-24 
952 |a SNK  |b SNK  |y PREZ  |7 0  |p 17A1490367  |o snkSCD 5956/1-2  |i snk2022/7374  |8 0  |z 2. CD  |0 0  |1 0  |4 0  |d 2022-05-11  |l 0  |r 2026-02-24 07:50:56  |w 2026-02-24